00472nam a22001697a 450000500170000000800410001702000150005802200150007304100120008808200120010010000120011224500560012425000200018026000460020030000310024665000250027720240923122722.0240923b |||||||| |||| 00| 0 eng d a0409022438 a0409004480 aEnglish a349 JOU lEnglish aThe Law of South Africa / cWA Joubert and JA Faris aSecond Edition  aDurban:bLexisNexis Butterworths, c2003  bviii, 604 pages; c26 cm.  aLegal practice bLaw